[Event "TUR-ch op"]
[Site "Antalya"]
[Date "2008.02.05"]
[Round "3.70"]
[White "Bagci, Hikmet"]
[Black "Yentimur, Kemallettin"]
[Result "0-1"]
[WhiteElo "1983"]
[BlackElo "1509"]
[PlyCount "124"]
[EventDate "2008.02.04"]
[EventType "swiss"]
[EventRounds "11"]
[EventCountry "TUR"]
[SourceTitle "CBM 122 Extra"]
[Source "ChessBase"]
[SourceDate "2008.03.04"]
[SourceVersion "1"]
[SourceVersionDate "2008.03.04"]
[SourceQuality "1"]

1. e4 d6 2. d4 g6 3. c4 Bg7 4. Nc3 Nf6 5. f3 0-0 6. Be3 Nbd7 7. Qd2 c5 8. d5 Ne5 9. 0-0-0 a6 10. g4 Qa5 11. Kb1 Bd7 12. Bf4 b5 13. Bxe5 dxe5 14. h4 Ne8 15. h5 Nd6 16. hxg6 hxg6 17. Qh2 Rfb8 18. Rc1 bxc4 19. Qh4 Ra7 20. Rh2 Rab7 21. Ka1 Ba4 22. Nxa4 Qxa4 23. Qe1 Rb4 24. g5 Nb5 25. Qd1 Qxd1 26. Rxd1 c3 27. b3 Nd4 28. Bc4 a5 29. Rc1 c2 30. Bd3 Nxb3+ 31. axb3 Rxb3 32. Rhxc2 Rxd3 33. Ka2 Bf8 34. Rc3 Rd2+ 35. R1c2 Rxc2+ 36. Rxc2 e6 37. dxe6 fxe6 38. Nh3 a4 39. Rc3 Be7 40. f4 Rb4 41. Nf2 exf4 42. e5 Bxg5 43. Rxc5 Rd4 44. Rc8+ Kg7 45. Rc7+ Kh6 46. Ng4+ Kh5 47. Nf6+ Bxf6 48. exf6 f3 49. f7 Rf4 50. Rc5+ Kh6 51. Rc4 Rxf7 52. Rh4+ Kg5 53. Rh1 f2 54. Rf1 Kg4 55. Kb2 Kg3 56. Ra1 f1Q 57. Ra3+ Kg2 58. Rc3 Rb7+ 59. Kc2 Qe2+ 60. Kc1 Qb2+ 61. Kd1 Rd7+ 62. Rd3 Rxd3+ 0-1